Basic problems of disarmament; (Record no. 542045)
[ view plain ]
| 000 -LEADER | |
|---|---|
| fixed length control field | 01208cam a2200253 4500 |
| 082 00 - DEWEY DECIMAL CLASSIFICATION NUMBER | |
| Classification number | 172.4 |
| Author Mark | BAS |
| -- | L6/P28 |
| 110 2# - MAIN ENTRY--CORPORATE NAME | |
| Corporate name or jurisdiction name as entry element | United Nations. |
| 245 10 - TITLE STATEMENT | |
| Title | Basic problems of disarmament; |
| Remainder of title | reports. |
| 260 ## - PUBLICATION, DISTRIBUTION, ETC. | |
| Place of publication, distribution, etc. | New York, |
| Name of publisher, distributor, etc. | United Nations, |
| Date of publication, distribution, etc. | 1970. |
| 300 ## - PHYSICAL DESCRIPTION | |
| Extent | xiii, 265 p. |
| Other physical details | illus. |
| Dimensions | 22 cm. |
| 500 ## - GENERAL NOTE | |
| General note | "United Nations publication. Sales no.:E.70.I.17." |
| 500 ## - GENERAL NOTE | |
| General note | The 3d report by United Nations Group of Consultant Experts on Chemical and Bacteriological (Biological) Weapons. |
| 505 0# - FORMATTED CONTENTS NOTE | |
| Formatted contents note | Economic and social consequences of disarmament.--Effects of the possible use of nuclear weapons and the security and economic implications for States of the acquisition and further development of these weapons.--Chemical and bacteriological (biological) weapons and the effects of their possible use. |
| 526 ## - STUDY PROGRAM INFORMATION NOTE | |
| Program name | 0 |
| Interest level | 0 |
| Reading level | 0 |
| Title point value | 172_400000000000000_BAS |
| 650 #0 - SUBJECT ADDED ENTRY--TOPICAL TERM | |
| Topical term or geographic name entry element | Biological warfare (International law) |
| 9 (RLIN) | 37139 |
| 650 #0 - SUBJECT ADDED ENTRY--TOPICAL TERM | |
| Topical term or geographic name entry element | Chemical warfare (International law) |
| 9 (RLIN) | 37140 |
| 650 #0 - SUBJECT ADDED ENTRY--TOPICAL TERM | |
| Topical term or geographic name entry element | Disarmament. |
| 9 (RLIN) | 27821 |
| 650 #0 - SUBJECT ADDED ENTRY--TOPICAL TERM | |
| Topical term or geographic name entry element | MCE |
| 9 (RLIN) | 379 |
| 650 #0 - SUBJECT ADDED ENTRY--TOPICAL TERM | |
| Topical term or geographic name entry element | Nuclear disarmament. |
| 9 (RLIN) | 37141 |
| 710 22 - ADDED ENTRY--CORPORATE NAME | |
| Corporate name or jurisdiction name as entry element | United Nations. |
| 9 (RLIN) | 37142 |
| 710 22 - ADDED ENTRY--CORPORATE NAME | |
| Corporate name or jurisdiction name as entry element | United Nations. |
| 9 (RLIN) | 37142 |
| 710 22 - ADDED ENTRY--CORPORATE NAME | |
| Corporate name or jurisdiction name as entry element | United Nations. |
| 9 (RLIN) | 37142 |
| 942 ## - ADDED ENTRY ELEMENTS (KOHA) | |
| Source of classification or shelving scheme | |
| Koha item type | Book |
| Withdrawn status | Lost status | Source of classification or shelving scheme | Damaged status | Not for loan | Permanent Location | Current Location | Date acquired | Total Checkouts | Full call number | Barcode | Date last seen | Price effective from | Koha item type |
|---|---|---|---|---|---|---|---|---|---|---|---|---|---|
| Military College of Engineering (MCE) | Military College of Engineering (MCE) | 09/18/2013 | 172.4 BAS | MCE-5380A | 09/18/2013 | 03/14/2021 | Book |
